Online
Catalog

Experiencias de desarrollo local y descentralización : (Record no. 15205)

MARC details
000 -CABECERA
campo de control de longitud fija 01715nam a2200301 a 4500
001 - NÚMERO DE CONTROL
campo de control 000015653
005 - FECHA Y HORA DE LA ÚLTIMA TRANSACCIÓN
campo de control 20251120073732.0
008 - DATOS DE LONGITUD FIJA--INFORMACIÓN GENERAL
campo de control de longitud fija 100217s2001 dr r 000 0 spa d
020 ## - NÚMERO INTERNACIONAL ESTÁNDAR DEL LIBRO
Número Internacional Estándar del Libro 9993483230
040 ## - FUENTE DE LA CATALOGACIÓN
Centro catalogador/agencia de origen DO-SdBNP
Lengua de catalogación spa
Centro/agencia transcriptor BNPHU
082 ## - NÚMERO DE LA CLASIFICACIÓN DECIMAL DEWEY
Número de clasificación 307.14097293
Número de documento/Ítem C118e
100 1# - ENTRADA PRINCIPAL--NOMBRE DE PERSONA
Nombre de persona Cáceres Mendoza, Frank
9 (RLIN) 35299
245 10 - MENCIÓN DE TÍTULO
Título Experiencias de desarrollo local y descentralización :
Resto del título análisis y registro de 52 experiencias nacionales /
Mención de responsabilidad, etc. Frank Cáceres Mendoza, Josefina Nerio ; edición Desirée Marmolejos, Eva Mir y Frank Cáceres.
260 ## - PUBLICACIÓN, DISTRIBUCIÓN, ETC.
Lugar de publicación, distribución, etc. Santo Domingo :
Nombre del editor, distribuidor, etc. PUCMM ;
-- Centro Universitario de Estudios Políticos y Sociales,
Fecha de publicación, distribución, etc. 2001.
300 ## - DESCRIPCIÓN FÍSICA
Extensión 266 p. ;
Dimensiones 28 cm.
490 1# - MENCIÓN DE SERIE
Mención de serie Ciudadanía y políticas públicas
505 0# - NOTA DE CONTENIDO CON FORMATO
Título ¿Hacia una gestión municipal con participación comunitaria? --
-- Resúmen indicativo de experiencias de desarrollo local y descentralización --
-- Iniciativas de desarrollo local y descentralización --
-- Registro de 52 experiencias --
-- Participación en la gestión municipal --
-- Manejo de desechos sólidos --
-- Educación --
-- Agua potable --
-- Salud --
-- Fortalecimiento organizativo --
-- Electrificación.
590 ## - NOTA LOCAL (RLIN)
Nota local Inventariado,2018/DG
650 #4 - PUNTO DE ACCESO ADICIONAL DE MATERIA--TÉRMINO DE MATERIA
Término de materia o nombre geográfico como elemento de entrada Desarrollo de la comunidad
Subdivisión geográfica República Dominicana
9 (RLIN) 2533
650 #4 - PUNTO DE ACCESO ADICIONAL DE MATERIA--TÉRMINO DE MATERIA
Término de materia o nombre geográfico como elemento de entrada Descentralización administrativa
Subdivisión geográfica República Dominicana
9 (RLIN) 3012
650 #4 - PUNTO DE ACCESO ADICIONAL DE MATERIA--TÉRMINO DE MATERIA
Término de materia o nombre geográfico como elemento de entrada Participación política
Subdivisión geográfica República Dominicana
9 (RLIN) 14012
700 12 - PUNTO DE ACCESO ADICIONAL--NOMBRE DE PERSONA
Nombre de persona Cáceres Mendosa, Frank
9 (RLIN) 35300
700 12 - PUNTO DE ACCESO ADICIONAL--NOMBRE DE PERSONA
Nombre de persona Nerio, Josefina
9 (RLIN) 35301
700 12 - PUNTO DE ACCESO ADICIONAL--NOMBRE DE PERSONA
Nombre de persona Marmolejos, Desirée,
Término indicativo de función/relación ed.
9 (RLIN) 2672
710 22 - PUNTO DE ACCESO ADICIONAL--NOMBRE DE ENTIDAD CORPORATIVA
Nombre de entidad corporativa o nombre de jurisdicción como elemento de entrada Pontificia Universidad Católica Madre y Maestra
9 (RLIN) 843
830 #0 - PUNTO DE ACCESO ADICIONAL DE SERIE-TÍTULO UNIFORME
Título uniforme Ciudadanía y políticas públicas
9 (RLIN) 19938
910 ## - DATOS DE OPCIÓN DEL USUARIO (OCLC)
Datos de opción del usuario Validado. Control de calidad. MFF
Holdings
Estado de retiro Estado de pérdida Restricciones de uso No para préstamo Código de colección Localización permanente Ubicación/localización actual Ubicación en estantería Fecha de adquisición Número de inventario Total de préstamos Signatura topográfica completa Código de barras Fecha visto por última vez Número de copia Precio válido a partir de Tipo de ítem Koha
        Dominicana de Servicio General General Depósito 17.02.2010 LF1   307.14097293 C118e 15653-30 25.06.2020 e. 3 25.06.2020 Libro y Folleto Colección Dominicana de Servicio
        Dominicana de Servicio General General Depósito 17.02.2010 LF1   307.14097293 C118e 15653-40 25.06.2020 e. 4 25.06.2020 Libro y Folleto Colección Dominicana de Servicio
        Dominicana de Servicio General General Depósito 27.08.2018 LF1   307.14097293 C118e 15653-50 25.06.2020 e. 5 25.06.2020 Libro y Folleto Colección Dominicana de Servicio
      Excluido de préstamo Patrimonio Dominicano Patrimonio Dominicano Patrimonio Dominicano Depósito 17.02.2010 LF1   307.14097293 C118e 15653-10 25.06.2020   25.06.2020 Libro y Folleto Colección Patrimonio Dominicano
      Excluido de préstamo Patrimonio Dominicano Patrimonio Dominicano Patrimonio Dominicano Depósito 17.02.2010 LF1   307.14097293 C118e 15653-20 25.06.2020 e. 2 25.06.2020 Libro y Folleto Colección Patrimonio Dominicano

Powered by Koha